00324 a2200121 4500001000700000020001800007040003500025100002000060240005500080245005000135300000800185362000900193156545 a9788532283184 cEscola São Tomás de Aquino aSTRECKER, Heidi10aDez lições de filosofia para um cidadãolpor10aDez lições de filosofia para um cidadão a3200 a2012